00487nam a22001577a 450000500170000002000260001703700130004310000220005624500570007826000430013527000800017830000210025870000210027994200120030099900170031220100721145539.0 a9788183221405c150.00 aDBAD/PUB aMacdonald, Machen aManaging the time of your life/cby Machen Macdonald a BhopalbManjul Publishing Housec2008 aCorporate Office: 2nd Floor, Usha Preet Complex, 42 Malviya Nagar bBhopal  a155pc20cm (pbk) aMachen Macdonald 2ddccEN c37148d37148